00922nam a2200241Ia 4500001000600000003000900006008004100015040001300056040001300069041001300082100001800095100002900113245005300142245004800195250001100243260001100254260001800265260004900283300005700332500023900389650002100628650003100649 2450IT-RoPAU130308s9999 xx 000 0 und d aIT-RoPAU cIT-RoPAU aITALIANO aGamba Antonio gCodice Aut. SPICS: 6299 aOpera cinematografica e la sua comprensione (L') bCinema e Televisione Come Realta' Temporali a1a ed. aMILANO bACEC Lombarda c1965 [1° Ed.:1965 - Ed.Ling.Originale:1965] a"30 p. (prefazione: no ; testo: 30 [pagine: 63-92])" aAnalisi Critica dell'Opera Cinematografica Comunicazione Esperienza Comunicazione Cinematografica Comprensione dell'Opera Cinematografica Dimensione Narrativa configurazione Linguistica Dimensione drammatica dell'Opera Cinematografica aSAGGI SUL CINEMA eCodice materia Spics: 6811